| 000 | 01053nam a2200121Ia 4500 | ||
|---|---|---|---|
| 008 | 220615s9999||||xx |||||||||||||| ||und|| | ||
| 100 | _aLeonyuk, Nikolay I | ||
| 245 | 0 | _aCrystal Growth of Multifunctional Borates and Related Materials | |
| 546 | _aEnglish[eng] | ||
| 650 | _aKABO||?-BiB3O6||Pockels cell||X-ray diffraction (XRD)||borate crystals||rare-earth cations||piezo-electric ringing||planar optical waveguides||rare-earth scandium borate||Bi2ZnB2O7||crystallography||YAl3(BO3)4||solid solution||second harmonic generation||thin film crystal growth||multifunctional borate crystals||optical activity||electro-elastic properties||optical rotatory dispersion||epitaxial layer growth||crystal chemistry||inversion twin||single crystal growth||borates||multifunctional materials||NLO crystals||rare earth spectroscopy||luminescence||frequency conversion||beta barium borate||huntite family||crystal structure||order–disorder||YAB||crystal growth||optical material||K2Al2B2O7 | ||
| 856 | _uhttps://mdpi.com/books/pdfview/book/1280 | ||
| 942 | _cEB | ||
| 999 |
_c10885 _d10885 |
||